000 00487nam a2200181Ia 4500
008 151202s9999||||xx |||||||||||||| ||und||
082 _bPNVM-6614
100 _aPHELIPS VIVIAN.
245 _aCONCERNING PROGRESSIVE REVELATION.
260 _bWATTS& CO.LONDON.
260 _c1938
300 _a118
600 _aPHELIPS VIVIAN.
630 _aCONCERNING PROGRESSIVE REVELATION.
700 _aPHELIPS VIVIAN.
730 _aCONCERNING PROGRESSIVE REVELATION.
942 _cBOOK
999 _c1272607
_d1272604